Los nuevos fundamentos de la ciencia / (Record no. 79055)

MARC details
000 -LEADER
campo de control de longitud fija 00763nam a2200229 i 4500
001 - NÚMERO DE CONTROL
campo de control 79055
003 - IDENTIFICADOR DE NÚMERO DE CONTROL
campo de control ES-MaACL
005 - FECHA Y HORA DE LA ÚLTIMA TRANSACCIÓN
campo de control 20230906173906.0
007 - CAMPO FIJO DE DESCRIPCIÓN FÍSICA--INFORMACIÓN GENERAL
campo de control de longitud fija t|
008 - DATOS DE LONGITUD FIJA--INFORMACIÓN GENERAL
campo de control de longitud fija 041019s1962 sp |||| | spa d
100 1# - ENTRADA PRINCIPAL--NOMBRE DE PERSONA
Nombre de persona Heisenberg, Werner.
9 (RLIN) 62398
245 14 - MENCIÓN DEL TÍTULO
Título Los nuevos fundamentos de la ciencia /
Mención de responsabilidad, etc. Werner Heisenberg ; traducción española de la 9ª edición alemana por José Mª Gimeno.
260 ## - PUBLICACIÓN, DISTRIBUCIÓN, ETC.
Lugar de publicación, distribución, etc. Madrid :
Nombre del editor, distribuidor, etc. Norte y Sur,
Fecha de publicación, distribución, etc. [1962]
300 ## - DESCRIPCIÓN FÍSICA
Extensión 210 p. ;
Dimensiones 19 cm.
490 1# - MENCIÓN DE SERIE
Mención de serie Aventura de la ciencia ;
Designación de volumen o secuencia 1
650 ## - PUNTO DE ACCESO ADICIONAL DE MATERIA--TÉRMINO DE MATERIA
Término de materia o nombre geográfico como elemento de entrada Ciencia-
Subdivisión general Filosofía.
9 (RLIN) 10950
650 04 - PUNTO DE ACCESO ADICIONAL DE MATERIA--TÉRMINO DE MATERIA
Término de materia o nombre geográfico como elemento de entrada Física-
Subdivisión general Filosofía.
9 (RLIN) 12881
700 1# - ENTRADA AGREGADA--NOMBRE PERSONAL
Nombre de persona Gimeno, José María.
9 (RLIN) 57081
830 0# - PUNTO DE ACCESO ADICIONAL DE SERIE-TÍTULO UNIFORME
Título uniforme Aventura de la ciencia ;
Designación de volumen o secuencia 1
9 (RLIN) 231418
852 ## - LOCALIZACIÓN
Ubicación ES-MaACL
Número de control de estantería C-23518
Holdings
Estatus retirado Estado de pérdida Estado de daño No para préstamo Biblioteca de origen Biblioteca actual Ubicación en estantería Fecha de adquisición Fuente de adquisición Total de préstamos Signatura topográfica completa Código de barras Visto por última vez Precio de reemplazo Tipo de ítem Koha
        Biblioteca del Ateneo de Madrid Biblioteca del Ateneo de Madrid Depósito 2 17/01/2008     C-23518 1082677 23/02/2023 23/02/2023 Libro impreso